| 000 | 01111 a2200181 4500 | ||
|---|---|---|---|
| 003 | Nust | ||
| 005 | 20221014123026.0 | ||
| 040 | _cNust | ||
| 082 | _a604.2,PAR | ||
| 100 |
_aPare Eugene G. _940614 |
||
| 245 |
_aEngineering Drawing / _cEugene G. Pare |
||
| 260 |
_aNew York _bHenry Holt _c1959 |
||
| 300 | _a500p | ||
| 505 | _aEvolution of Engineering Drawing (Page-1), Mechanics of Drafting (Page-7), Freehand Drafting and Lettering (Page-32), Graphs Constructions (Page-48), Charts and Graphs (Page-73), Orthographic Projection (Page-91) ,Orthographic Reading (Page-109), Auxiliary Views (Page-136), Sectional Views (Page-156), Conventional Drafting Practices (Page-177), Instrumental Pictorials (Page-188), Pictorial Rendering (Page-214), Graphic Mathematics (Page-225), Size Description (Page-270), Production Processes and Precision (Page-289), Threads and Fasteners (Page-323), Details and Assembly Drawings (Page-349), Blueprint Reading and Review Problems (Page-376),Simplified Drafting (Page-389). | ||
| 600 |
_aEugene G. Pare _9100327 |
||
| 650 |
_aEngineering Drawing _973872 |
||
| 942 |
_2ddc _cBK |
||
| 999 |
_c183213 _d183213 |
||